000 01236nam0a22002771 4500
001 rc\3589847
005 20250610075758.0
021 _aRU
_b[70-23651]
035 _a(NLR Aleph) 007808129
090 _a7704642
_c7704642
100 _a20130115d1970 |||y0rusy50 ca
101 0 _arus
102 _aRU
105 _aa j |||||
200 1 _aТехнология и комплексная механизация разработки рудных месторождений
_e[Учебник для вузов по специальности "Технология и комплексная механизация открытой разработки месторождений полезных ископаемых"]
210 _aМосква
_cНедра
_d1970
215 _a455 с.
_cил.
_d22
320 _aБиблиогр.: с. 447-449 (45 назв.)
606 _aРуды
_xДобыча
_jУчебники и пособия
_2psbo
700 1 _aПопов
_bГ. Н.
_cд-р техн. наук, геология
_f1902-1978
_gГеоргий Николаевич
_9227684
_3RU\NLR\AUTH\770227740
801 0 _aRU
_bNLR
_gpsbo
801 1 _aRU
_bELAR
_2rusmarc
852 _aNLR
_j70-5/768
942 _cBOOK
980 _aNB